| 000 | 00436nam a2200157Ia 4500 | ||
|---|---|---|---|
| 003 | OSt | ||
| 005 | 20200701145118.0 | ||
| 008 | 190216s9999||||xx |||||||||||||| ||und|| | ||
| 040 | _coclc | ||
| 082 |
_a954 _bBAS/W |
||
| 100 |
_aBasham, A L _93038 |
||
| 245 | 4 |
_aThe Wonder That Was India / _cA L Basham |
|
| 260 |
_bFontana Books, _c1984. _aCalcutta: |
||
| 300 | _a572p | ||
| 942 |
_cBK _2ddc _h954 _iBAS/W _k954 _mBAS/W |
||
| 999 |
_c19504 _d19504 |
||